00381nam a2200133Ia 450000500170000000800410001702000150005808200130007310000160008624500420010226000400014430000130018450000500019720250703023808.0240331s9999 xx 000 0 und d a9552028795 bRATa920 aRatnakara,S 0aTheresa mawutumiya :bdayawe devagana aColombobS. Godage & BRothersc1998 a135 p ., aA book on Teresa of Mawtumi - Mother of Mercy